000 01215nam a22002657a 4500
005 20170124103154.0
010 _a407509
020 _c12.50
035 _a407509
037 _bCen Lib/Ret
040 _aDPL
_bHN
082 _a821.08
_bसहग
100 _aसहगल, मनमोहन
_989028
245 _aकाव्य का दार्शनिक विश्लेषण :
_cमनमोहन सहगल
_bमुख्यत: गुरु नानक-काव्य के सन्दर्भ /
246 _aKavya ka darshnik vishleshan : mukhyat: Guru Nanat kavya ke sandarbh me /
_bby Manmohan Sahgal
260 _aचंडीगढ़
_bभारतेंदु भवन
_c1965
270 _bचंडीगढ़
_aसैक्टर, 15 ए
_e2
300 _aविभिन्न पृष्ठ
_c20सेमी(सजिल्द )
500 _aसन्दर्भ सूची शामिल
650 _aसाहित्य--काव्य
_x
_z
_989029
650 _aहिंदी--काव्य
_989030
650 _aLiterature--Poetry
_989031
650 _aLiterature - Poetry
_989032
942 _2ddc
_cHN
_h821.08
_mसहग
999 _c120183
_d120183